| 000 | 00497cam a2200169 a 4500 | ||
|---|---|---|---|
| 020 | _a0781809487 | ||
| 082 | 0 | 0 |
_a641.59561 _cD |
| 100 | 1 |
_aİlkin, Nur. _944548 |
|
| 245 | 1 | 2 |
_aTurkish cuisine / _cNur İlkin, Sheilah Kaufman. |
| 260 |
_aNew York : _bHippocrene Books, _cc2002. |
||
| 300 |
_aVarious paging. : _bill. ; _c24 cm. |
||
| 526 |
_a0 _b0 _c0 _d641_595610000000000_WHI |
||
| 650 | 0 |
_aCooking, Turkish. _944549 |
|
| 650 | 0 |
_aMCE _9379 |
|
| 700 | 1 |
_aKaufman, Sheilah. _944550 |
|
| 942 |
_2ddc _cBK |
||
| 999 |
_c548317 _d548317 |
||